Pick the Flier Quiz Stats

 Plays Quiz not verified by Sporcle

Support Sporcle.
Go Orange.
Score 0/20 Timer 06:00
1 Play Today
Question Answer Wrong Answers
Which character can fly? Supergirl
88.5%
Batgirl
1.5%
Catwoman
1%
Katana
1.4%
Which character can fly? Superman
88.3%
Robin
2.1%
Scarecrow
1.3%
Joker
1%
Which character can fly? Hawkgirl
86.6%
Black Canary
2.2%
Harley Quinn
2.2%
Lady Shiva
2%
Which character can fly? Falcon
85.1%
Daredevil
1.5%
Spider-Man
0.9%
Moon Knight
5.1%
Which character can fly? Captain Marvel
82.7%
Ms. Marvel
3.2%
She-Hulk
3.2%
Black Widow
3.2%
Which character can fly? Vision
81.1%
Captain America
8%
Hercules
2%
Black Panther
2.2%
Which character can fly? Hawkman
80.9%
Batman
8.7%
Flash
1.2%
Green Arrow
1.4%
Which character can fly? Blue Marvel
78.6%
Hulk
1.2%
Venom
1.4%
Speedball
12%
Which character can fly? Power Girl
78.4%
Huntress
8.4%
Batwoman
1.9%
Mera
3.3%
Which character can fly? Starfire
76.5%
Ravager
4.4%
Elasti-Girl
9.2%
Cheetah
2.8%
Which character can fly? Storm
73.7%
Jubilee
3.5%
Emma Frost
7.6%
Mirage
8.6%
Which character can fly? Blue Beetle
72.3%
Aquaman
14%
Deathstroke
3.3%
Killer Croc
2.9%
Which character can fly? Wonder Girl
69%
The Question
2.9%
Cheshire
13.3%
Poison Ivy
8%
Which character can fly? Namor
67.4%
Thing
1.2%
Luke Cage
9.4%
Mister Fantastic
14.7%
Which character can fly? Captain Atom
65.7%
Red Robin
15.6%
Elongated Man
9.9%
Bane
1.9%
Which character can fly? Firestorm
64.3%
Nightwing
11.8%
Solomon Grundy
2.2%
Arsenal
14.2%
Which character can fly? Wasp
59.5%
Tigra
7.7%
Hellcat
11.7%
Medusa
14.3%
Which character can fly? Sunspot
50%
Colossus
18.7%
Beast
8.2%
Gambit
15.4%
Which character can fly? Rogue
38.2%
Domino
6.1%
Dazzler
34.8%
Magik
13%
Which character can fly? Sersi
27.3%
Valkyrie
39.3%
Wolfsbane
8.3%
Black Cat
17.8%

You're not logged in!

Compare scores with friends on all Sporcle quizzes.
OR
Log In

From the Vault

'Kingdom' Countries

by flixuk

My kingdom for a correct answer...
Remove Ads.
Support Sporcle.
Get the best of Sporcle when you Go Orange. This ad-free experience offers more features, more stats, and more fun while also helping to support Sporcle. Thank you for becoming a member.

Show Comments

Extras

Top Quizzes Today


Score Distribution

Your Account Isn't Verified!

In order to create a playlist on Sporcle, you need to verify the email address you used during registration. Go to your Sporcle Settings to finish the process.

Report this User

Report this user for behavior that violates our Community Guidelines.

Details: